LEADER 01173nam a2200229 4500 001 991001580289707536 008 030430s1985 it ||| | ita 035 $ab12167526-39ule_inst 040 $aDip.to di Filol. Class. e di Scienze Filosofiche $bita 082 04$a501 100 1 $aMinazzi, Fabio$050726 245 13$aLa scienza tra filosofia e storia in Italia nel Novecento :$batti del congresso internazionale, Varese, 24-26 ottobre 1985 /$ca cura di Fabio Minazzi e Luigi Zanzi 260 $aRoma :$bPresidenza del Consiglio dei Ministri. Direzione generale delle informazioni dell'editoria e della proprietà letteraria artistica e scientifica, $cstampa 1987 300 $axvi, 725 p., [7] p. di tav. :$bill. ;$c24 cm. 440 0$aCollana di storia e cultura 650 04$aEpistemologia -$xCongressi -$cVarese -$y1985 907 $a.b12167526$b02-04-14$c30-04-03 912 $a991001580289707536 945 $aLE007 501 MIN 01.03$g1$i2007000061343$lle007$o-$pE0.00$q-$rl$s- $t0$u1$v0$w1$x0$y.i12507544$z30-04-03 996 $aScienza tra filosofia e storia in Italia nel Novecento$9147653 997 $aUNISALENTO 998 $ale007$b30-04-03$cm$da $e-$fita$git $h0$i0 LEADER 01261nam0 22003013i 450 001 UTO1127542 005 20231121125917.0 100 $a20140922d1963 ||||0itac50 ba 101 | $ager$agrc 102 $ade 181 1$6z01$ai $bxxxe 182 1$6z01$an 200 1 $aGriechisch-Deutsches Wörterbuch$ezu den Schriften des Neuen Testaments and der übrigen urchristlichen Literatur$fvon D. Walter Bauer 205 $aDurchg. Nachdruck der 5. Aufl 210 $aBerlin$cVerlag Alfred Töpelmann, 1963$dcop. 1958 215 $aXV, 1779 p.$d29 cm 676 $a413.028$9Dizionari delle forme standard delle lingue. Lessicografia.$v22 676 $a483$9Dizionari del greco classico$v22 700 1$aBauer$b, Walter$f <1877-1960>$3BVEV010118$0165310 790 1$aBauer$b, Walter Felix$3MILV154422$zBauer, Walter <1877-1960> 801 3$aIT$bIT-01$c20140922 850 $aIT-FR0017 899 $aBiblioteca umanistica Giorgio Aprea$bFR0017 $eN 912 $aUTO1127542 950 0$aBiblioteca umanistica Giorgio Aprea$d 52S.SIJ. G2 NT.Bau.$e 52BUN0000012105 VMB RS Fondo originale Sijpesteijn$fC $h20140922$i20140922 977 $a 52 996 $aGriechisch-Deutsches Wörterbuch$93642985 997 $aUNICAS